000 00703nam a2200217 i 4500
001 61930
003 ES-MaACL
005 20251018063046.0
007 t|
008 031114s1972 sp ||||1| spa d
080 _a821.111(73)-32"19"
100 1 _aFaulkner, William,
_d1897-1962
_9242365
245 1 0 _aGambito de caballo /
_cWilliam Faulkner ; [traducción, Lucrecia Moreno de Sáenz].
260 _aMadrid :
_bAlianza Editorial,
_c[1972]
300 _a217 p. ;
_c18 cm.
490 1 _aEl libro de bolsillo ;
_v370. Literatura
700 1 _aMoreno, Lucrecia.
_983300
830 1 3 _aEl libro de bolsillo
_v370. Literatura
_9177802
852 4 _aES-MaACL
_jC-46037
999 _c61930
_d61930